| 000 | 00769nam a2200181Ia 4500 | ||
|---|---|---|---|
| 008 | 170725s9999 xx 000 0 und d | ||
| 100 | _aBestoun S. Ahmed | ||
| 245 | _aHandling constraints in combinatorial interaction testing in the presence of multi objective particle swarm and multithreading | ||
| 245 | _cBestoun S. Ahmed, Luca M. Gambardella, Wasif Afzal, Kamal Z. Zamli | ||
| 260 | _c2017 | ||
| 300 | _apages 20-36, June | ||
| 440 |
_aInformation and software technology _v86: |
||
| 500 | _aCJ0031 | ||
| 650 | _aConstrained combinatorial interaction | ||
| 650 | _aMulti-objective particle swarm optimisation | ||
| 650 | _aSearch-based software engineering Search-based software engineering; Test case design techniques | ||
| 650 | _aTest generation tools | ||
| 999 |
_c340865 _d340865 |
||